000 01439nam a2200349Ia 4500
001 ebr10265445
003 CaPaEBR
006 m u
007 cr cn|||||||||
008 080325s2008 nyua sb 001 0 eng d
010 _z 2008013398
020 _z9780826125088
020 _z0826125085
040 _aCaPaEBR
_cCaPaEBR
035 _a(OCoLC)313791277
050 1 4 _aRC569.5.V55
_bG74 2008eb
100 1 _aGreen, Diane L.
245 1 0 _aHelping victims of violent crime
_h[electronic resource] :
_bassessment, treatment, and evidence-based practice /
_cDiane L. Green, Albert R. Roberts.
260 _aNew York :
_bSpringer Pub. Co.,
_cc2008.
300 _axxi, 256 p. :
_bill.
490 1 _aSpringer series on social work
504 _aIncludes bibliographical references (p. 223-243) and index.
533 _aElectronic reproduction.
_bPalo Alto, Calif. :
_cebrary,
_d2009.
_nAvailable via World Wide Web.
_nAccess may be limited to ebrary affiliated libraries.
650 0 _aVictims of violent crimes
_xMental health.
650 0 _aCrisis intervention (Mental health services)
650 0 _aEvidence-based psychiatry.
655 7 _aElectronic books.
_2local
700 1 _aRoberts, Albert R.
710 2 _aebrary, Inc.
830 0 _aSpringer series on social work (Unnumbered)
856 4 0 _uhttp://site.ebrary.com/lib/rucke/Doc?id=10265445
_zAn electronic book accessible through the World Wide Web; click to view
999 _c9960
_d9960